000 00918cam a22002413a 4500
001 19080
003 PGUSA
005 20140828083414.0
008 060819s2006||||xxu|||||s|||||000 | eng d
040 _aPGUSA
_beng
042 _adc
050 4 _aQ
100 1 _aHubbard, Elbert,
_d1856-1915
245 1 0 _aLittle Journeys to the Homes of the Great - Volume 12 :
_bLittle Journeys to the Homes of Great Scientists
_h[electronic resource] /
_cElbert Hubbard
260 _bProject Gutenberg,
_c2006
505 0 _aSir Isaac Newton -- Galileo -- Copernicus -- Humboldt -- William Herschel -- Charles Darwin -- Haeckel -- Linnaeus -- Thomas H. Huxley -- John Tyndall -- Alfred R. Wallace -- John Fiske.
506 _aPublic domain in the USA.
516 _aElectronic text
653 _aScientists -- Biography
830 0 _aProject Gutenberg
_v19080
856 4 0 _uhttp://www.gutenberg.org/ebooks/19080
942 _cEB
999 _c248335
_d248335